Optimal statistical inference in financial engineering (Record no. 28205)

MARC details
000 -LEADER
fixed length control field 00847nam a2200253Ia 4500
008 - FIXED-LENGTH DATA ELEMENTS--GENERAL INFORMATION
fixed length control field 191130s2008##################000#0#eng##
020 ## - INTERNATIONAL STANDARD BOOK NUMBER
International Standard Book Number 9781584885917
022 ## - INTERNATIONAL STANDARD SERIAL NUMBER
International Standard Serial Number 2007027986
040 ## - CATALOGING SOURCE
Original cataloging agency ACL
Transcribing agency ACL
082 ## - DEWEY DECIMAL CLASSIFICATION NUMBER
Classification number 332.0151923 TAN
100 ## - MAIN ENTRY--PERSONAL NAME
Personal name Taniguchi, Masanobu
245 ## - TITLE STATEMENT
Title Optimal statistical inference in financial engineering
Statement of responsibility, etc. Masanobu Taniguchi, Junichi Hirukawa, Kenichiro Tamaki
260 ## - PUBLICATION, DISTRIBUTION, ETC.
Place of publication, distribution, etc. Boca Raton, FL
Name of publisher, distributor, etc. Chapman & Hall/CRC
Date of publication, distribution, etc. 2008
300 ## - PHYSICAL DESCRIPTION
Extent xii, 366 p. : ill. ; 25 cm
500 ## - GENERAL NOTE
General note Includes bibliographical references (p. 355-362) and index
650 ## - SUBJECT ADDED ENTRY--TOPICAL TERM
Topical term or geographic name entry element Finance - Statistical methods
Topical term or geographic name entry element Financial engineering
Topical term or geographic name entry element Mathematical statistics
700 ## - ADDED ENTRY--PERSONAL NAME
Personal name Hirukawa, Junichi
Personal name Tamaki, Kenichiro
990 ## - EQUIVALENCES OR CROSS-REFERENCES [LOCAL, CANADA]
Link information for 9XX fields 149d6f10ac10000c5bf0c53813114ae6
991 ## -
-- 142469
Holdings
Withdrawn status Lost status Materials specified (bound volume or other part) Damaged status Not for loan Home library Current library Shelving location Date acquired Total Checkouts Total Renewals Full call number Barcode Date last seen Date last checked out Price effective from Koha item type
    hbk     Anna Centenary Library Anna Centenary Library 4TH FLOOR, A WING 09.10.2020 1 1 332.0151923 TAN 146590 20.12.2025 15.11.2025 09.10.2020 English Books

Find us on the map